000 00414cam a2200169ua 4500
020 _c18net
041 _aeng
_h
082 _a828.09
_bMAR/MA
100 _aMarshall, Percy .
245 _aMasters of the English novel /
_cPercy marshall.
_hTextual Documents
260 _aLondon :
_bDennis dobsen ,
_c1962.
300 _a224 ; .
365 _a18net
504 _a
942 _cBK
999 _c4698
_d4698